00257nam a2200097Ia 4500008004000000082001300040100002600053245002500079260004300104300001200147210210b1964 xxu||||| |||| 00| 0 eng d a923 SINA aSINHA (Satyanarayan). aAdrift on the ganga. aBombay.bBharatiya Vidhya Bhavanc1964 axii,215